The visual language of spatial planning (Record no. 108371)
[ view plain ]
| 000 -LEADER | |
|---|---|
| fixed length control field | 01997cam a22002655a 4500 |
| 001 - CONTROL NUMBER | |
| control field | L144060 |
| 008 - FIXED-LENGTH DATA ELEMENTS--GENERAL INFORMATION | |
| fixed length control field | 080612s2007 xxkad f 000 0 eng d |
| 020 ## - INTERNATIONAL STANDARD BOOK NUMBER | |
| International Standard Book Number | 9780415395823 |
| 035 ## - SYSTEM CONTROL NUMBER | |
| System control number | (Sirsi) u144060 |
| 041 0# - LANGUAGE CODE | |
| Language code of text/sound track or separate title | eng |
| 050 04 - LIBRARY OF CONGRESS CALL NUMBER | |
| Classification number | 711.3 $2 18 |
| 100 1# - MAIN ENTRY--PERSONAL NAME | |
| Personal name | Duhr, Stephanie |
| 245 04 - TITLE STATEMENT | |
| Title | The visual language of spatial planning |
| Remainder of title | exploring cartographic representations for spatial planning in Europe |
| 260 ## - PUBLICATION, DISTRIBUTION, ETC. | |
| Place of publication, distribution, etc. | Oxham |
| Name of publisher, distributor, etc. | Routledge |
| Date of publication, distribution, etc. | 2008 |
| 300 ## - PHYSICAL DESCRIPTION | |
| Extent | xvi, 196p. |
| Other physical details | ill. |
| Dimensions | 25cm. |
| 505 2# - FORMATTED CONTENTS NOTE | |
| Formatted contents note | European spatial development and cartographic representations -- Theoretical perspectives on policy-making and planning, cartographic communication and the use of cartographic representations in the planning process -- Conceptualising the context, form and use of cartographic representations in formal and informal planning processes -- The style and content of cartographic representations in strategic spatial planning in the Netherlands, Germany and England -- The use of cartographic representations in the preparation of the European Spatial Development Perspective -- The visual language of spatial planning in Europe: concluding remarks |
| 520 ## - SUMMARY, ETC. | |
| Summary, etc. | Discusses relevant theoretical perspectives on power and policy-making, cartographic communications and the use of cartographic representations in the planning process; providing tools to help students and practitioners to better understand maps and visualisations in strategic spatial planning processes. Explores style, content and use of cartographic representations in spatial plans in England, Germany and the Netherlands, as well as at a European level. Concludes by discussing practical future implications for strategic spatial planning processes in Europe. |
| 521 ## - TARGET AUDIENCE NOTE | |
| Target audience note | Advanced |
| 651 #4 - SUBJECT ADDED ENTRY--GEOGRAPHIC NAME | |
| Geographic name | ENGLAND AND WALES |
| 651 #4 - SUBJECT ADDED ENTRY--GEOGRAPHIC NAME | |
| Geographic name | Netherlands |
| 651 #4 - SUBJECT ADDED ENTRY--GEOGRAPHIC NAME | |
| Geographic name | Germany |
| 690 ## - LOCAL SUBJECT ADDED ENTRY--TOPICAL TERM (OCLC, RLIN) | |
| Topical term or geographic name as entry element | ENVIRONMENTAL AND LAND CONSULTANCY-GEOMATICS-GEOGRAPHIC INFORMATION SCIENCE-SPATIAL DATA AND METADATA MANAGEMENT |
| 942 ## - ADDED ENTRY ELEMENTS (KOHA) | |
| Suppress in OPAC | 0 |
| Withdrawn status | Lost status | Source of classification or shelving scheme | Damaged status | Not for loan | Home library | Current library | Shelving location | Date acquired | Cost, normal purchase price | Total Checkouts | Full call number | Barcode | Date last seen | Copy number | Cost, replacement price | Price effective from | Koha item type |
|---|---|---|---|---|---|---|---|---|---|---|---|---|---|---|---|---|---|
| Dewey Decimal Classification | London | London | Books | 10/07/2008 | 42.00 | 711.3 DUH | 30074898 | 06/08/2019 | 1 | 42.00 | 06/08/2019 | Book |